| Record ID | ia:messageattitudeb0000unse |
| Source | Internet Archive |
| Download MARC XML | https://archive.org/download/messageattitudeb0000unse/messageattitudeb0000unse_marc.xml |
| Download MARC binary | https://www.archive.org/download/messageattitudeb0000unse/messageattitudeb0000unse_meta.mrc |
LEADER: 01420cam a2200373 i 4500
001 72396
005 20220518192720.0
008 820330s1980 nyua b 001 0 eng
010 $a 80000529
020 $a012199760X
035 $a(OCoLC)6625480
035 $a(OCoLC)ocm06625480
035 $a(CStRLIN)NYCG82-B15157
035 $9AAH6681CU
035 $a(NNC)72396
035 $a72396
040 $dNNC
050 00 $aBF637.C45$bM48
082 0 $a153.6 219
090 $aBF637.C45$bM48
245 00 $aMessage-attitude-behavior relationship :$btheory, methodology, and application /$cedited by Donald P. Cushman, Robert D. McPhee.
260 $aNew York :$bAcademic Press,$c1980.
300 $axii, 339 pages :$billustrations ;$c24 cm.
336 $atext$2rdacontent
337 $aunmediated$2rdamedia
338 $avolume$2rdacarrier
490 1 $aHuman communication research series
504 $aIncludes bibliographies and indexes.
650 0 $aInterpersonal communication.$0http://id.loc.gov/authorities/subjects/sh85067481
650 0 $aAttitude (Psychology)$0http://id.loc.gov/authorities/subjects/sh85009407
700 1 $aCushman, Donald P.$0http://id.loc.gov/authorities/names/n80105673
700 1 $aMcPhee, Robert.$0http://id.loc.gov/authorities/names/n80105674
830 0 $aHuman communication research series.$0http://id.loc.gov/authorities/names/n42013036
852 00 $boff,leh$hBF637.C45$iM48